000 00598nam a2200241Ia 4500
001 dia_2625
003 CHAP
005 20240305112600.0
008 220117s1998 xx 000 0 und d
010 _a173143
040 _cCHAP
082 _a515 L4Y
100 _aLeithold, Louis
_965913
245 _aEl Cálculo /
_c por Louis, Leithold
260 _aMéxico, Oxford
_c1998
300 _a1097P.?
500 _aC/e
650 _a1.Cálculo
_9148130
901 _a515 L4Y
902 _aM
905 _a0000001998 MEXA 0000000000ESP00
942 _cLIBRO
_2ddc
999 _c173143
_d173143